| 000 | 01216cam a2200289 4500 | ||
|---|---|---|---|
| 008 | 021121n2002 000 0 eng u | ||
| 020 | _a1899769994 | ||
| 035 | _a(Sirsi) u120538 | ||
| 050 |
_a333.3374212 _c18 |
||
| 100 | _aDixon, Tim | ||
| 245 | 4 | _aThe impact of ebusiness on the City of London office market | |
| 260 |
_aReading _bCollege of Estate Management _c2002 |
||
| 300 |
_a88p. _bill. _c30cm. |
||
| 350 | _a75 | ||
| 490 | _aCollege of Estate Management Research Report | ||
| 520 | _aPresents the findings from a major survey of occupiers in the City of London by the College of Estate Management and examines how the shape and form of the office property market will be affected by ebusiness over the next 5 years. The implications of increased homeworking and other trends for future office supply are also considered. | ||
| 650 | _aCITY OF LONDON | ||
| 650 | _aEBUSINESS | ||
| 650 | _aE-COMMERCE | ||
| 650 | _aHOMEWORKING | ||
| 650 | _aMANAGEMENT-BUSINESS MANAGEMENT-INFORMATION MANAGEMENT | ||
| 650 | _aPROPERTY-COMMERCIAL PROPERTY-OFFICE PROPERTY-OFFICE PROPERTY MARKET | ||
| 650 | _aOFFICE SUPPLY | ||
| 690 | _aCOMMERICAL PROPERTY-MARKET | ||
| 700 | _aMarston, A. | ||
| 942 | _n0 | ||
| 999 |
_c102528 _d102528 |
||